International dimensions of management / (Record no. 2942)
[ view plain ]
| 000 -LEADER | |
|---|---|
| fixed length control field | 00881pam a2200277 a 4500 |
| 003 - CONTROL NUMBER IDENTIFIER | |
| control field | AKMAL |
| 005 - DATE AND TIME OF LATEST TRANSACTION | |
| control field | 20170518165058.0 |
| 008 - FIXED-LENGTH DATA ELEMENTS--GENERAL INFORMATION | |
| fixed length control field | 050316s1983 maua g b 001 0 eng |
| 020 ## - INTERNATIONAL STANDARD BOOK NUMBER | |
| International Standard Book Number | 0534013171 (pbk.) |
| 040 ## - CATALOGING SOURCE | |
| Original cataloging agency | AKMAL |
| 082 00 - DEWEY DECIMAL CLASSIFICATION NUMBER | |
| Classification number | 658.049 PHA |
| 090 00 - LOCALLY ASSIGNED LC-TYPE CALL NUMBER (OCLC); LOCAL CALL NUMBER (RLIN) | |
| Classification number (OCLC) (R) ; Classification number, CALL (RLIN) (NR) | 658.049 |
| Local cutter number (OCLC) ; Book number/undivided call number, CALL (RLIN) | PHA |
| 100 1# - MAIN ENTRY--PERSONAL NAME | |
| Personal name | Phatak, Arvind V |
| 9 (RLIN) | 6154 |
| 245 10 - TITLE STATEMENT | |
| Title | International dimensions of management / |
| Statement of responsibility, etc. | Arvind V. Phatak |
| 260 #0 - PUBLICATION, DISTRIBUTION, ETC. | |
| Place of publication, distribution, etc. | Boston, Mass. : |
| Name of publisher, distributor, etc. | Kent Pub. Co., |
| Date of publication, distribution, etc. | 1983 |
| 300 00 - PHYSICAL DESCRIPTION | |
| Extent | xi, 147 p. : |
| Other physical details | ill. ; |
| Dimensions | 22 cm. |
| 504 ## - BIBLIOGRAPHY, ETC. NOTE | |
| Bibliography, etc. note | Includes bibliographies and index |
| 650 #0 - SUBJECT ADDED ENTRY--TOPICAL TERM | |
| Topical term or geographic name entry element | International business enterprises |
| General subdivision | Management |
| 9 (RLIN) | 6155 |
| 650 #0 - SUBJECT ADDED ENTRY--TOPICAL TERM | |
| Topical term or geographic name entry element | Industrial management |
| 9 (RLIN) | 2203 |
| 942 ## - ADDED ENTRY ELEMENTS (KOHA) | |
| Source of classification or shelving scheme | |
| Koha item type | Book |
| Withdrawn status | Lost status | Source of classification or shelving scheme | Damaged status | Not for loan | Collection code | Home library | Current library | Shelving location | Date acquired | Inventory number | Total Checkouts | Full call number | Barcode | Date last seen | Price effective from | Koha item type |
|---|---|---|---|---|---|---|---|---|---|---|---|---|---|---|---|---|
| NON-FICTION | AKMAL Melaka | AKMAL Melaka | PINJAMAN | 18.05.2017 | 601236 | 658.049 PHA | 201703761 | 18.05.2017 | 18.05.2017 | Book | ||||||
| NON-FICTION | AKMAL Melaka | AKMAL Melaka | PINJAMAN | 18.05.2017 | 601237 | 658.049 PHA | 201703765 | 19.05.2017 | 18.05.2017 | Book |
